Arrêts de la ligne S4 de Lyon (TCL) - Statistiques

Statistiques générales
  • Ce quiz a été pris 7 fois
  • Le résultat moyen est 14 sur 25
Statistiques - réponses
Arrondissement Arrêt % Correct
Lyon 4e Clos Jouve
100%
Lyon 4e Croix-Rousse
100%
Lyon 4e Croix-Rousse
100%
Lyon 4e Mairie du 4ème
100%
Lyon 4e Place Flammarion
100%
Lyon 4e Niepce
80%
Lyon 4e Cimetière Croix-Rousse
60%
Lyon 4e Émile Chanel
60%
Lyon 4e Hénon
60%
Lyon 4e Hénon - Deleuvre
60%
Lyon 4e La Colline
60%
Lyon 4e Résidence Bertrand
60%
Lyon 4e Résidence Le Parc
60%
Lyon 4e Savaron - Deleuvre
60%
Lyon 4e Artaud
40%
Lyon 4e Hôpital Croix Rousse
40%
Lyon 4e Ivry
40%
Lyon 4e Linossier - Richan
40%
Lyon 4e Pailleron
40%
Lyon 4e Saint-Denis
40%
Lyon 4e Stade Philippe De Lassalle
40%
Lyon 4e Henri Chevalier
20%
Lyon 4e Maison des Canuts
20%
Lyon 4e Maurice Scève
20%
Lyon 4e Place Commandant Arnaud
20%
Aucun quiz correspondant
Distribution des résultats
% des personnes avec chaque résultat
Percentile par nombre de réponses
Votre historique - résultats
Vous n’avez pas pris ce quiz